000 00439nam a2200169Ia 4500
008 221030s9999 xx 000 0 und d
020 _a8178082632
041 _aEnglish
082 _a105.23
_bRog
100 _aG. Rogers
245 0 _aEngineering Thermodynamics Work & heat Transfer
_cby G. Rogers, Y. Mayhew
260 _bPearson Education
_aDelhi
_c2001
300 _a711
650 _aMechanical
700 _aY. Mayhew
942 _cBK
999 _c3187
_d3187